| 000 -LEADER |
| fixed length control field |
01198cam a22003258i 4500 |
| 001 - CONTROL NUMBER |
| control field |
20290262 |
| 005 - DATE AND TIME OF LATEST TRANSACTION |
| control field |
20221105211721.0 |
| 008 - FIXED-LENGTH DATA ELEMENTS--GENERAL INFORMATION |
| fixed length control field |
180118s2018 nyu b 001 0 eng |
| 010 ## - LIBRARY OF CONGRESS CONTROL NUMBER |
| LC control number |
2018002488 |
| 020 ## - INTERNATIONAL STANDARD BOOK NUMBER |
| International Standard Book Number |
9781259644320 (hardcover : alk. paper) 1 |
| 035 ## - SYSTEM CONTROL NUMBER |
| System control number |
(DNLM)101719524 |
| 041 ## - LANGUAGE CODE |
| Language code of text/sound track or separate title |
eng |
| 080 ## - UNIVERSAL DECIMAL CLASSIFICATION NUMBER |
| Universal Decimal Classification number |
618.2 W-69 |
| 245 00 - TITLE STATEMENT |
| Title |
Williams obstetrics / |
| Statement of responsibility, etc. |
editors, F. Gary Cunningham, Kenneth J. Leveno, Steven L. Bloom, Jodi S. Dashe, Barbara L. Hoffman, Brian M. Casey, Catherine Y. Spong. |
| 246 1# - VARYING FORM OF TITLE |
| Title proper/short title |
Obstetrics |
| 250 ## - EDITION STATEMENT |
| Edition statement |
25th edition. |
| 264 #1 - PRODUCTION, PUBLICATION, DISTRIBUTION, MANUFACTURE, AND COPYRIGHT NOTICE |
| Place of production, publication, distribution, manufacture |
New York : |
| Name of producer, publisher, distributor, manufacturer |
McGraw-Hill, |
| Date of production, publication, distribution, manufacture, or copyright notice |
[2018]. |
| 300 ## - PHYSICAL DESCRIPTION |
| Extent |
1327 p. |
| Dimensions |
30 m. |
| 504 ## - BIBLIOGRAPHY, ETC. NOTE |
| Bibliography, etc. note |
Includes bibliographical references and index. |
| 650 12 - SUBJECT ADDED ENTRY--TOPICAL TERM |
| Topical term or geographic name entry element |
Obstetrics |
| 9 (RLIN) |
9455 |
| 653 ## - INDEX TERM--UNCONTROLLED |
| keyword |
მეანობა |
| 653 ## - INDEX TERM--UNCONTROLLED |
| keyword |
გინეკოლოგია |
| 653 ## - INDEX TERM--UNCONTROLLED |
| keyword |
მედიცინა |
| 700 1# - ADDED ENTRY--PERSONAL NAME |
| Personal name |
Cunningham, F. Gary, |
| Relator term |
ავტორი |
| 9 (RLIN) |
9456 |
| 700 1# - ADDED ENTRY--PERSONAL NAME |
| Personal name |
Leveno, Kenneth |
| Relator term |
ავტორი |
| 9 (RLIN) |
9457 |
| 700 1# - ADDED ENTRY--PERSONAL NAME |
| Personal name |
Bloom, Steven |
| Relator term |
ავტორი |
| 9 (RLIN) |
9458 |
| 700 1# - ADDED ENTRY--PERSONAL NAME |
| Personal name |
Spong, Catherine |
| Relator term |
ავტორი |
| 9 (RLIN) |
9459 |
| 700 1# - ADDED ENTRY--PERSONAL NAME |
| Personal name |
Dashe, Jodi და სხვ. |
| Relator term |
ავტორი |
| 9 (RLIN) |
9460 |
| 942 ## - ADDED ENTRY ELEMENTS (KOHA) |
| Source of classification or shelving scheme |
|
| Koha item type |
წიგნი |